La revue. (Registro nro. 20178)

Detalles MARC
000 -CABECERA
Campo de control 00630cas a2200205 a 4500
005 - FECHA Y HORA DE LA ULTIMA TRANSACCION
Campo de control 20180511113314.0
008 - ELEMENTOS DE LONGITUD FIJA—INFORMACION GENERAL
Campo de control 020222c199u9999fr qr p 0 a0fre d
022 ## - ISSN
ISSN 1167-4806
040 ## - FUENTE DE CATALOGACIÓN
Agencia catalogadora original YKM
Agencia transcriptora YKM
Agencia Modificadora OCLCQ
-- UkOxU
-- CO-BoIAVH
041 0# - IDIOMA
Código de idioma para texto/pista de sonido o título separado Francés
044 ## - PAÍS DE PUBLICACIÓN
País de publicación Francia
090 ## - CLASIFICACIÓN LOCAL
Colección SE-
245 13 - MENCION DE TITULO
Título La revue.
246 13 - FORMA VARIANTE DEL TITULO
Título propiamente dicho/forma breve del título Musée des arts et métiers
Parte restante del título la revue
260 ## - PUBLICACION, DISTRIBUCION, ETC. (PIE DE IMPRENTA)
Lugar de publicación, distribución, etc. Paris (Francia) :
Nombre del editor, distribuidor, etc. Musée des arts et métiers,
Fecha de publicación, distribución, etc. [s.f.]..
300 ## - DESCRIPCION FISICA
Otros detalles físicos ilustraciones a color ;
Dimensiones 28 cm.
650 26 - ASIENTO SECUNDARIO DE MATERIA - TERMINO TEMATICO
Término temático o nombre geográfico como elemento de entrada Museos
Subdivisión geográfica Francia
Subdivisión de forma Publicaciones periódicas
9 (RLIN) 91076
710 2# - ASIENTO SECUNDARIO - NOMBRE CORPORATIVO
Nombre corporativo o de jurisdicción como elemento de entrada Musée des arts et métiers (Francia)
9 (RLIN) 91075
942 ## - ELEMENTOS ADICIONALES (KOHA)
Sistema de clasificación Local
Tipo de ítem Periodica o revista
Existencias
Withdrawn status Lost status Sistema de Clasificación Damaged status No para préstamo Colección Fecha publicación (Año) Número revista Ubicación Permanente Ubicación actual Fecha de adquisición Datos de publicación Seriada Total Checkouts Número topográfico Inventario / Código de Barras Date last seen Ejemplar Price effective from Forma de adquisición Tipo de material
    Local     Hemeroteca 2003 39-40 Bogotá Bogotá 11/05/2018 Números 39 - 40 (01/12/2003)   SE 030113 11/05/2018 Ej. 1 11/05/2018 Donación Periodica o revista